La cosecha del agua en la Cuenca de México /

Sucinta descripción histórica sobre la pesca y la caza de aves en la Cuenca de México durante los períodos prehispánico y colonial, complementada con un apéndice referente a estas mismas actividades en los pueblos chinamperos -especialmente, San Luis Tlaxialtemalco, delegación de Xochimilco- basado...

Descripción completa

Guardado en:
Detalles Bibliográficos
Autor principal: Rojas Rabiela, Teresa (autor)
Otros autores: Pérez Espinoza, José Genovevo (autor) (autor)
Formato: Libro
Idioma:Español
Publicado: México : CIESAS, 1998, c1998
Edición:2a edición
Temas:
Etiquetas: Agrega una etiqueta
Sin etiquetas, Sé el primero en etiquetar este registro!

MARC

LEADER 00000nam^a2200000^a^4500
001 000159559
005 20250521000000.0
009 20260310100652.345
020 |a 968-496-342-4 
037 |a Acervo ITESO - Biblioteca 
041 |a ESP 
082 |a 972. 5  |b ROJ 
100 |a Rojas Rabiela, Teresa  |e (autor) 
245 1 3 |a La cosecha del agua en la Cuenca de México /  |c T. Rojas Rabiela. 
250 |a 2a edición 
264 4 |a México :  |b CIESAS,  |c 1998, c1998 
300 |a 124 p. 
336 |a texto  |b txt  |2 rdacontenido 
337 |a sin mediación  |b n  |2 rdamedio 
338 |a volumen  |b nc  |2 rdasoporte 
520 |a Sucinta descripción histórica sobre la pesca y la caza de aves en la Cuenca de México durante los períodos prehispánico y colonial, complementada con un apéndice referente a estas mismas actividades en los pueblos chinamperos -especialmente, San Luis Tlaxialtemalco, delegación de Xochimilco- basado en datos recogidos en 1984. La primera edición del trabajo fue dentro de la serie Los Pescadores de México, contexto en que fue la única publicación de carácter histórico, perteneciente a la colección Cuadernos de la Casa Chata. 
649 |a XX 
650 |a Pesca -  |z México (Valle) -  |x Historia 
650 |a Caza -  |z México (Valle) -  |x Historia 
650 |a Agua -  |x Aprovechamiento 
650 |a Agua -  |z México (Valle) -  |x Historia 
650 |a Recursos Naturales -  |z México (Valle) -  |x Historia 
650 |a México (Valle) -  |x Historia -  |y Epoca Prehispánica 
650 |a México (Valle) -  |x Historia -  |y Epoca Colonial, 1517-1821 
650 |a México (Valle) -  |x Historia 
740 3 |a La pesca en el medio lacustre y chinanpero de San Luis Tlaxialtemalco /  |c J.G. Pérez Espinoza ; presen. de T. Rojas Rabiela. 
700 |a Pérez Espinoza, José Genovevo  |e (autor) 
910 |a Fondo General 
920 |a Impresos - Libros 
930 |a Colección General 
905 |a 101 
901 |a 0500091263  |b IT1  |c ACC  |u 20250521 
902 |a https://opac.biblio.iteso.mx/vufind/Record/000159559